Clasificacion de los tratados internacionales.

Bibliographic Details
Main Author: Romero Perez, Aurelio
Format: Thesis Book
Language:Spanish
Published: Mexico, [publisher not identified] ; 1952.
Subjects:

MARC

Tag First Indicator Second Indicator Subfields
LEADER 00000cam a2200000 4500
001 in00000060193
005 20151008051610.0
008 800507s1952 mx b 00000 spa
010 |a  53017101  
035 |a (OCoLC)06291514 
035 |9 AAG8888AM 
040 |a DLC  |c TXA  |d UtOrBLW 
049 |a TXAM  |c [250239] 
050 0 |a JX4169  |b .R63 1952 
092 |a 341.2  |b R763c 
100 1 |a Romero Perez, Aurelio. 
245 1 0 |a Clasificacion de los tratados internacionales. 
264 1 |a Mexico,  |b [publisher not identified] ;  |c 1952. 
300 |a 107 pages, 8 unnumbered pages ;  |c 23 cm. 
336 |a text  |b txt  |2 rdacontent 
337 |a unmediated  |b n  |2 rdamedia 
338 |a volume  |b nc  |2 rdacarrier 
502 |c Universidad Nacional Autonoma de Mexico. 
504 |a Bibliographical notes: pages [111]-[114]. 
650 0 |a Treaties. 
999 |a MARS 
999 f f |s 8b0666d7-4935-3489-a814-cde5d57013cd  |i cda6679a-e0ae-3f85-bd0e-3c04352eaac5  |t 0 
952 f f |p ric  |a Texas A&M University  |b Rellis Campus  |c Joint Library Facility  |d Remote Storage  |t 0  |e JX4169 .R63 1952  |h Library of Congress classification  |i unmediated -- volume  |m A14800783833 
998 f f |a JX4169 .R63 1952  |t 0  |l Remote Storage